00426nam a2200157Ia 4500008004100000020000700041082001600048100001800064245003400082250000800116260004300124300002300167500000700190600002100197650005000218240925s9999 xx 000 0 und d aNA a005.133 BIS aBishop, Peter 0aComputer Programming in Basic a2nd aNew Delhi:bKhanna Publicationc,1991. a202p.bNAfPirated aNA aComputer Science aComputer science, information & general works